<?xml version="1.0" encoding="UTF-8"?>
<collection xmlns="http://www.loc.gov/MARC21/slim">
  <record>
    <leader>00000nam  2200000   4500</leader>
    <controlfield tag="001">INLIS000000000014766</controlfield>
    <controlfield tag="005">20221029072505</controlfield>
    <datafield tag="035" ind1="#" ind2="#">
      <subfield code="a">0010-1022000089</subfield>
    </datafield>
    <controlfield tag="001">INLIS000000000014765</controlfield>
    <controlfield tag="005">20221029072052</controlfield>
    <datafield tag="035" ind1="#" ind2="#">
      <subfield code="a">0010-1022000088</subfield>
    </datafield>
    <datafield tag="245" ind1="1" ind2="#">
      <subfield code="a">PENYUSUNAN INSTRUMEN PENINGKATAN PROGRAM DIPLOMA TIGA TATA BOGA MENJADI SARJANA TERAPAN MANAJEMEN SENI KULINER JURUSAN PERHOTELAN POLITEKNIK NEGERI BALIKPAPAN /</subfield>
      <subfield code="c">Andi Yasir Amsal, S.Pd., M.Pd</subfield>
    </datafield>
    <datafield tag="100" ind1="1" ind2="#">
      <subfield code="a">AMSAL, Andi Yasir</subfield>
    </datafield>
    <datafield tag="250" ind1="#" ind2="#">
      <subfield code="a">1</subfield>
    </datafield>
    <datafield tag="300" ind1="#" ind2="#">
      <subfield code="a">75 halaman ; lampiran :</subfield>
      <subfield code="b">ilustrasi ;</subfield>
      <subfield code="c">30 cm</subfield>
    </datafield>
    <datafield tag="260" ind1="#" ind2="#">
      <subfield code="a">Samarinda :</subfield>
      <subfield code="b">Puslatbang KDOD,</subfield>
      <subfield code="c">2022</subfield>
    </datafield>
    <datafield tag="084" ind1="#" ind2="#">
      <subfield code="a">LATSAR 928 2022</subfield>
    </datafield>
    <datafield tag="650" ind1="#" ind2="4">
      <subfield code="a">Pelatihan Dasar</subfield>
    </datafield>
    <datafield tag="650" ind1="#" ind2="4">
      <subfield code="a">prajabatan</subfield>
    </datafield>
    <datafield tag="650" ind1="#" ind2="4">
      <subfield code="a">inovasi pendidikan</subfield>
    </datafield>
    <datafield tag="650" ind1="#" ind2="4">
      <subfield code="a">manajemen pendidikan</subfield>
    </datafield>
    <datafield tag="650" ind1="#" ind2="4">
      <subfield code="a">intrumen kurikulum</subfield>
    </datafield>
    <datafield tag="650" ind1="#" ind2="4">
      <subfield code="a">kurikulum pendidikan</subfield>
    </datafield>
    <datafield tag="650" ind1="#" ind2="4">
      <subfield code="a">sistem informasi</subfield>
    </datafield>
    <datafield tag="650" ind1="#" ind2="4">
      <subfield code="a">perguruan tinggi</subfield>
    </datafield>
    <datafield tag="650" ind1="#" ind2="4">
      <subfield code="a">ilmu tata boga</subfield>
    </datafield>
    <datafield tag="520" ind1="#" ind2="#">
      <subfield code="a">Laporan Aktualisasi Pelatihan Dasar ini menjelaskan belum disusunnya instrument peningkatan diploma tiga tata boga menjadi sarjana terapan manajemen seni kuliner di jurusan perhotelan, sehingga dibuat 5 kegiatan berdasarkan nilai BerAKHLAK (Berorientasi pelayanan, Akuntabel, Kompeten, Harmonis, Loyal, Adaptif, Kolaboratif), yaitu : menyusun draf Kurikulum Manajemen Seni Kuliner, menyusun draf Dosen D4 Manajemen Seni Kuliner, menyusun Draf Unit Pengelola Program Studi D4 Manajemen Seni Kuliner, melakukan sosialisasi Rancangan Instrumen Upgrading D4 Manajemen Seni Kuliner, dan finalisasi Rancangan Instrumen Upgrading Draf Kurikulum D4 Manajemen Seni Kuliner. Kegiatan ini dilaksanakan dari tanggal 10 Juni 2022- 7 September 2022.</subfield>
    </datafield>
    <datafield tag="500" ind1="#" ind2="#">
      <subfield code="a">Coach : Veronika Hanna Naibaho&#13;
Penguji : Rustan A.,SP.,MA.,M.SE&#13;
Mentor : Chardina Dianovita, S.Gz., M.Gz</subfield>
    </datafield>
    <datafield tag="990" ind1="#" ind2="#">
      <subfield code="a">LATSAR/928/2022</subfield>
    </datafield>
  </record>
</collection>
